000 00618nam a2200205Ia 4500
003 GCL
008 140319s9999 xx 000 0 ara d
040 _aGCL /
_cGCL
082 0 4 _a227
_bا ق
100 1 _aابراهيم احمد عبدالفتاح
245 1 0 _aالقاموس القويم للقران الكريم /
_cابراهيم احمد عبدالفتاح
260 _a[S.N] :
_bمجمع البحوث الاسلامية ،
_c1983
300 _a399 ص
490 _a
650 0 4 _aالالفاظ
650 0 4 _aالمعاجم
650 0 4 _aالتفسير
650 0 4 _aالقران
942 _2ddc
_cBK
999 _c36001
_d36001